Machine Learning Paradigms \ (Record no. 586097)
[ view plain ]
| 000 -LEADER | |
|---|---|
| fixed length control field | 00492nam a22001577a 4500 |
| 003 - CONTROL NUMBER IDENTIFIER | |
| control field | NUST |
| 020 ## - INTERNATIONAL STANDARD BOOK NUMBER | |
| International Standard Book Number | 9783319940298 |
| 038 ## - RECORD CONTENT LICENSOR | |
| Staff Name | Asim Zubair |
| 082 ## - DEWEY DECIMAL CLASSIFICATION NUMBER | |
| Classification number | 006.3 |
| Author Mark | TSI |
| 100 ## - MAIN ENTRY--PERSONAL NAME | |
| Personal name | Tsihrintzis, George A. |
| 9 (RLIN) | 81228 |
| 245 ## - TITLE STATEMENT | |
| Title | Machine Learning Paradigms \ |
| Remainder of title | advances in data analytics |
| Statement of responsibility, etc. | George A. Tsihrintzis , Dionisios N. Sotiropoulos & Lakhmi c. Jain |
| 260 ## - PUBLICATION, DISTRIBUTION, ETC. | |
| Place of publication, distribution, etc. | Switzerland, |
| Name of publisher, distributor, etc. | Springer, |
| Date of publication, distribution, etc. | 2019. |
| 300 ## - PHYSICAL DESCRIPTION | |
| Extent | xvi, 370p. ; |
| Other physical details | Hardcover, |
| Dimensions | 24cm. |
| 563 ## - BINDING INFORMATION | |
| Binding note | Hardcover |
| 942 ## - ADDED ENTRY ELEMENTS (KOHA) | |
| Source of classification or shelving scheme | |
| Koha item type | Book |
| Withdrawn status | Lost status | Source of classification or shelving scheme | Damaged status | Not for loan | Permanent Location | Current Location | Shelving location | Date acquired | Total Checkouts | Full call number | Barcode | Date last seen | Price effective from | Koha item type |
|---|---|---|---|---|---|---|---|---|---|---|---|---|---|---|
| School of Mechanical & Manufacturing Engineering (SMME) | School of Mechanical & Manufacturing Engineering (SMME) | General Stacks | 08/04/2021 | 006.3 TSI | SMME-3599 | 08/04/2021 | 08/04/2021 | Book |
